| 000 | 00650nam a22002417a 4500 | ||
|---|---|---|---|
| 003 | UA-OsUOA | ||
| 001 | 45765 | ||
| 007 | ta | ||
| 008 | 20070511b un ||||| |||| 00| 0 ukr d | ||
| 100 | _aСохань Л. | ||
| 090 |
_a82-84 _bС68 |
||
| 942 | _cBK | ||
| 040 |
_aUA-OsUOA _bukr _cUA-OsUOA _dUA-OsUOA |
||
| 245 |
_aПарадоксы жизни _bафоризмы, максимы, сентенции |
||
| 300 | _a108 с. | ||
| 955 | _a2 | ||
| 041 | _aukr | ||
| 080 | _a82-84 | ||
| 020 | _a966-8392-07-8 | ||
| 260 |
_aК. _bЮриз _c2005 |
||
| 650 | 7 |
_a82 Література. Літературознавство _2UDC |
|
| 999 |
_c331858 _d331858 |
||